Godzilla: Millennium Era - Statistics

General Stats
  • This quiz has been taken 7 times
  • The average score is 6 of 7
Answer Stats
Year Film % Correct
1999 Godzilla 2000
100%
1998 Godzilla
86%
2004 Godzilla Final Wars
86%
2001 Godzilla, Mothra and King Ghidorah: Giant Monsters All-Out Attack
86%
2003 Godzilla: Tokyo S.O.S.
86%
2002 Godzilla Against Mechagodzilla
71%
2000 Godzilla vs Megaguirus
71%
No matching quizzes found
Score Distribution
Percent of People with Each Score
Percentile by Number Answered
Your Score History
You have not taken this quiz